000 01079cam a2200325 i 4500
001 12113
003 BD-RjUL
005 20211208235234.0
008 140128s19811974enkaf b 000 0 eng
020 _a0713124512.
_a0713124520
035 _a(BD-RjUL)12161
040 _aDLC
_cDLC
_dDLC
_beng
041 _aeng
082 0 0 _a581.13
_bSUP 1981
100 1 _aSutcliffe, James Frederick.
_937521
245 1 0 _aPlants and mineral salts /
_cJames F. Sutcliffe, Dennis A. Baker.
260 _aLondon :
_bE. Arnold,
_c1974, 1976 printing.
300 _a60 p., [2] leaves of plates :
_bill. ;
_c22 cm.
490 1 _aThe Institute of Biology's studies in biology ; no. 48
504 _aBibliography: p. 59-60.
650 0 _aPlants
_xNutrition.
_937432
650 0 _aPlants
_xEffect of minerals on.
_937522
650 0 _aPlants
_xEffect of salts on.
_937523
830 0 _vno. 48.
_937527
700 1 _aBaker, D. A.,
_ejoint author.
_937525
830 0 _aInstitute of Biology's studies in biology ;
_937528
942 _2ddc
_cBK
999 _c12113
_d12113